000 00411nam a2200169 4500
008 190319s1993||||xo d
100 1 _aAlexová Sabine
_9966
700 1 _aVopel W. Klaus
_9978
245 1 0 _aNechaj ma chcem sa ucit sám
250 _a2. vydanie
260 _bSPN
_aBratislava
_c1993
300 _a111 s.
020 _a80-08-02234-5
_c0
041 1 _aslo
044 _axo
_cSK
958 _aA
999 _c22240
_d22240